| 000 | 01879nam a2200313Ia 4500 | ||
|---|---|---|---|
| 999 |
_c56503 _d56503 |
||
| 001 | 23616 | ||
| 003 | GE_BSU | ||
| 005 | 20260224173107.0 | ||
| 008 | 181216s2003||||ge |||||||||||||| ||geo|| | ||
| 020 | _a99940-13-68-8 | ||
| 040 | _cGE_BSU | ||
| 041 | _ageo | ||
| 080 | _a94(479.22)(075.8) ს-32 | ||
| 245 |
_aსაქართველოს ისტორია, XX საუკუნე : _b სახელმძღვ. ისტ. ფაკ. სტუდ. / _c[ავტ.: ვახტანგ გურული, მერაბ ვაჩნაძე, დიმიტრი შველიძე და სხვ.] ; თსუ. |
||
| 264 |
_aთბილისი : _bთბილ. უნ-ტის გამ-ბა, _c2003. |
||
| 300 |
_a274 გვ. ; _c29 სმ. |
||
| 520 | _aავტორები ყდაზე არაა მითითებული | ||
| 541 | _h9 ლ. | ||
| 653 | _aსაქართველოს ისტორია, XX საუკუნე | ||
| 653 | _aსაქართველოს ისტორია -- სახელმძღვანელოები უმაღლესი სასწავლებლებისათვის. | ||
| 700 |
_aგურული, ვახტანგ _eავტორი _926960 |
||
| 700 |
_aვაჩნაძე, მერაბ _eავტორი _926961 |
||
| 700 |
_aშველიძე, დიმიტრი _eავტორი _926962 |
||
| 700 |
_aკირთაძე, ნესტან _eავტორი _926963 |
||
| 700 |
_aწოწკოლაური, ავთანდილ _eავტორი _926964 |
||
| 700 |
_a ფირანიშვილი, პაატა _e ავტორი _926965 |
||
| 710 |
_aთბილისის სახელმწიფო უნივერსიტეტი _926966 |
||
| 942 |
_cBK _2udc |
||